Pharmaceutical Unit Operations : Coating /

Contenido: Introducción; Capas de azúcar; Capas fílmicas; Microencapsulación; Sistemas automáticos de capas; Limpieza y validación de productos farmacéuticos con capas; Estabilidad y control de calidad.

Tallennettuna:
Bibliografiset tiedot
Päätekijä: Avis, Kenneth E. (ed.)
Muut tekijät: Shukla, Atul J. (edición) (edición), Chang, Rong-Kun (edición) (edición)
Aineistotyyppi: Kirja
Kieli:englanti
Julkaistu: Boca Ratón, EUA : Interpharm/CRC, 1999, c1999
Sarja:(Drug Manufacturing Technology Series ; 3)
Aiheet:
Tagit: Lisää tagi
Ei tageja, Lisää ensimmäinen tagi!

MARC

LEADER 00000nam^a2200000^a^4500
001 000156717
005 20250521000000.0
009 20260310100514.824
020 |a 1-57491-082-5 
037 |a Acervo ITESO - Biblioteca 
041 |a ING 
082 |a 615. 19  |b AVI 
100 |a Avis, Kenneth E.  |e (ed.) 
245 1 0 |a Pharmaceutical Unit Operations :  |b Coating /  |c Ed. de K.E. Avis, A.J. Shukla, R.K. Chang. 
264 4 |a Boca Ratón, EUA :  |b Interpharm/CRC,  |c 1999, c1999 
300 |a XVII, 348 p. 
336 |a texto  |b txt  |2 rdacontenido 
337 |a sin mediación  |b n  |2 rdamedio 
338 |a volumen  |b nc  |2 rdasoporte 
440 1 |a (Drug Manufacturing Technology Series ;  |v 3) 
520 |a Contenido: Introducción; Capas de azúcar; Capas fílmicas; Microencapsulación; Sistemas automáticos de capas; Limpieza y validación de productos farmacéuticos con capas; Estabilidad y control de calidad. 
649 |a XX 
650 |a Medicamentos -  |x Tema Principal 
650 |a Películas Plásticas 
650 |a Recubrimientos 
650 |a Envasado y Preservación 
650 |a Proceso de Producción 
650 |a Control de Calidad 
650 |a Operaciones Unitarias 
650 |a Industria Farmacéutica -  |x Tema Principal 
650 |a Ingeniería Química 
650 |a Química Farmacéutica 
700 |a Shukla, Atul J.  |e (edición) 
700 |a Chang, Rong-Kun  |e (edición) 
910 |a Fondo General 
920 |a Impresos - Libros 
930 |a Colección General 
905 |a 101 
901 |a 0500085376  |b IT1  |c ACC  |u 20250521 
902 |a https://opac.biblio.iteso.mx/vufind/Record/000156717